[Event "NZD-ch105"]
[Site "Hamilton"]
[Date "1998.??.??"]
[Round "4.2"]
[White "Wastney, Scott"]
[Black "Sinclair, Mark"]
[Result "1/2-1/2"]
[WhiteElo "2135"]
[BlackElo "2215"]

1.Nf3 Nf6 2.c4 e6 3.d4 d5 4.Nc3 Be7 5.Bf4 O-O 6.e3 c5 7.dxc5 Bxc5 8.Qc2 Nc6
9.a3 Qa5 10.O-O-O Bd7 11.g4 Rfc8 12.g5 Nh5 13.Ne5 Be8 14.cxd5 exd5 15.Rxd5 Nxf4
16.Nc4 Nxd5 17.Nxa5 Nxc3 18.Nxb7 Be7 19.bxc3 Bxa3+ 20.Kd1 Ne5 21.Qb3 Bf8
22.Bg2 Rab8 23.Ke2 a5 24.Ra1 a4 25.Rxa4 Bxa4 26.Qxa4 Ra8 27.Qb3 Nc4 28.Bd5 Ra3
29.Qb1 g6 30.Qb5 Rxc3 31.Bxf7+ Kh8 32.Bxc4 R3xc4 33.Qe5+ Bg7 34.Qe6 R4c6
35.Qe4 Rc2+ 36.Kf1 Rb2 37.Nd6 Rf8 38.Qh4 Be5 39.Ne4 Rb4 40.Kg2 Bg7  1/2-1/2

[Event "Hlohovec op"]
[Site "Hlohovec"]
[Date "1998.??.??"]
[Round "7"]
[White "Kolesar, Milan"]
[Black "Jurcisin, Imrich"]
[Result "1-0"]
[WhiteElo "2225"]
[BlackElo "2030"]

1.c4 e6 2.Nf3 d5 3.d4 Nf6 4.Nc3 Be7 5.Bf4 c6 6.e3 O-O 7.h3 dxc4 8.Bxc4 b5
9.Bd3 Bb7 10.O-O Nbd7 11.Rc1 a6 12.e4 c5 13.d5 Qb6 14.d6 Bd8 15.e5 Nd5 16.Nxd5 Bxd5
17.Qc2 h6 18.Qe2 Qb7 19.Bb1 f5 20.exf6 Rxf6 21.Bg3 Nf8 22.Rfd1 Ra7 23.Ne1 Bb6
24.Kh2 c4 25.f3 Bc5 26.Qe5 Qc6 27.Be4 Rd7 28.Rxd5  1-0

[Event "South California-ch"]
[Site "Irvine"]
[Date "1998.??.??"]
[Round "2"]
[White "Peters, John A"]
[Black "Saulespurens, Val"]
[Result "1-0"]
[WhiteElo "2470"]
[BlackElo "2330"]

1.c4 Nf6 2.Nc3 e6 3.Nf3 d5 4.d4 Be7 5.Bf4 c6 6.e3 Nbd7 7.cxd5 exd5 8.Qc2 Nf8
9.h3 Ne6 10.Be5 Nd7 11.Bh2 O-O 12.Bd3 g6 13.O-O-O Qa5 14.h4 b5 15.Kb1 b4
16.Ne2 Ba6 17.h5 c5 18.hxg6 c4 19.gxf7+ Rxf7 20.Bxh7+ Kf8 21.Qg6 Nf6 22.Qh6+ Rg7
23.Bf5 c3 24.Nc1 Rc8 25.Be5 Kf7 26.Nb3 Qa4 27.Bxe6+ Kxe6 28.Qxg7 c2+ 29.Ka1 Bc4
30.Nfd2 cxd1=R+ 31.Rxd1 Rc6 32.Nxc4 Rxc4 33.f4 Rc2 34.f5+ Kxf5 35.Qxe7 Ne4
36.Rf1+ Kg4 37.Qe6+  1-0

[Event "Pan American-chJ"]
[Site "Isla Margarita"]
[Date "1998.??.??"]
[Round "?"]
[White "Melendez Tirado, Bernardo Ramon"]
[Black "Moreno, Javier"]
[Result "1/2-1/2"]
[WhiteElo "2110"]
[BlackElo "2425"]

1.d4 d5 2.Nf3 Nf6 3.c4 e6 4.Nc3 Be7 5.Bf4 c6 6.e3 O-O 7.Bd3 Nbd7 8.O-O Re8
9.Qc2 Nf8 10.Rad1 Bd6 11.Bg5 Be7 12.Ne5 N6d7 13.Nxd7 Bxd7 14.Bxe7 Qxe7 15.e4 dxe4
16.Nxe4 Rad8 17.Qc3 e5 18.dxe5 Qxe5 19.Qxe5 Rxe5 20.Bc2 Rb8 21.Nc3 Ree8 22.Rd2 Be6
23.b3 Nd7  1/2-1/2

[Event "Heart of Finland op"]
[Site "Jyvaskyla"]
[Date "1998.??.??"]
[Round "?"]
[White "Yrjola, Jouni"]
[Black "Parkkinen, Jyrki"]
[Result "1-0"]
[WhiteElo "2410"]
[BlackElo "2155"]

1.d4 Nf6 2.c4 e6 3.Nf3 d5 4.Nc3 Be7 5.Bf4 O-O 6.e3 dxc4 7.Bxc4 a6 8.Qe2 b5
9.Bd3 Bb7 10.O-O Nbd7 11.Rfd1 c5 12.dxc5 Bxc5 13.Ne5 Qe7 14.a4 Nxe5 15.Bxe5 b4
16.Bxf6 Qxf6 17.Qh5 g6 18.Qxc5 bxc3 19.Qxc3 Qg5 20.Bf1 Rfc8 21.Qd4 e5 22.Qd7 Rab8
23.Rac1 Rd8 24.Qc7 Rdc8 25.Qd6 Rd8 26.Qb6 Be4 27.Rxd8+ Rxd8 28.Qxa6 Rd2 29.Qc8+ Kg7
30.Qc3 Rd3 31.Qc4 f5 32.Qc7+ Kh6 33.Qxe5 Rxe3 34.h4  1-0

[Event "RUS-ch U18"]
[Site "Kolontaevo"]
[Date "1998.??.??"]
[Round "?"]
[White "Yurenko, Konstantin"]
[Black "Belov, Alexei"]
[Result "1-0"]
[WhiteElo "2300"]
[BlackElo "2320"]

1.d4 d5 2.c4 e6 3.Nc3 Be7 4.Nf3 Nf6 5.Bf4 O-O 6.e3 a6 7.cxd5 exd5 8.Bd3 c5
9.h3 Nc6 10.O-O Be6 11.Rc1 c4 12.Bb1 b5 13.Ne5 Rc8 14.Bg5 b4 15.Ne2 Nd7 16.Bxe7 Nxe7
17.Ng3 f6 18.Nxd7 Qxd7 19.e4 Nc6 20.exd5 Qxd5 21.Re1 Rfe8 22.Be4 Qg5 23.Bxc6 Rxc6
24.d5 Rd8 25.dxc6 Rxd1 26.Rcxd1 c3 27.bxc3 bxc3 28.Ne4 Qa5 29.Nxc3 Qxc3 30.Rxe6 Kf7
31.Red6 Kg6 32.g3 Qc4 33.R1d2 h5 34.h4 a5 35.Kh2 a4 36.Kg2 Qe4+ 37.Kh2 Qc4  1-0

[Event "MK Cafe Cup-B"]
[Site "Koszalin"]
[Date "1998.??.??"]
[Round "7"]
[White "Lasinskas, Povilas"]
[Black "Polkowski, Piotr"]
[Result "0-1"]
[WhiteElo "2115"]
[BlackElo "2225"]

1.d4 d5 2.c4 e6 3.Nc3 Nf6 4.Nf3 Be7 5.Bf4 c6 6.e3 O-O 7.Qc2 a6 8.cxd5 exd5
9.Bd3 Nbd7 10.O-O Re8 11.Rab1 Nf8 12.b4 Nh5 13.Be5 f6 14.Bg3 Nxg3 15.hxg3 Be6
16.Na4 Qc7 17.Nc5 Bf7 18.Rfc1 g6 19.a4 Rec8 20.Nd2 Bd6 21.Nf3 Kg7 22.Qd2 Qe7
23.Rb2 Ne6 24.Rbc2 Nd8 25.Nh2 Be8 26.Nf3 Bf7 27.Nh4 Be8 28.Re1 b6 29.Nxa6 Rxa6
30.Bxa6 Bxb4 31.Qe2 Ra8 32.Rb1 Ba5 33.Bd3 c5 34.dxc5 bxc5 35.Bb5 Bf7 36.Rbc1 Bb4
37.Qf3 Rc8 38.Rb1 Rc7 39.Qg4 Be6 40.Qf4 Ra7 41.Qf3 Nf7 42.Rcb2 Nd6 43.Bc6 Nc4
44.Rxb4 cxb4 45.Qd1 Qc5 46.Bb5 Bd7 47.Qd4 Qxd4 48.exd4 Bxb5 49.axb5 Ra4 50.Nf3 Na5
51.b6 b3 52.Nd2 Rb4 53.Ra1 Nc4 54.Nb1 Nxb6 55.Ra7+ Kh6 56.Rb7 Ra4 57.Kf1 Ra1
58.Ke2 Rxb1 59.Rxb6 b2 60.Rb4 Kg7 61.Rb7+ Kf8 62.g4 Ke8 63.Kd2 Rf1 64.Kc2  0-1

[Event "RUS-Cup"]
[Site "Krasnodar"]
[Date "1998.??.??"]
[Round "5"]
[White "Malaniuk, Vladimir P"]
[Black "Asrian, Karen"]
[Result "1-0"]
[WhiteElo "2600"]
[BlackElo "2555"]

1.d4 d5 2.c4 e6 3.Nc3 Nf6 4.Nf3 Be7 5.Bf4 a6 6.c5 Nc6 7.a3 O-O 8.e3 Nh5 9.Bd3 Nxf4
10.exf4 Bf6 11.Ne2 g6 12.h4 b6 13.b4 bxc5 14.bxc5 h5 15.Qc2 Ne7 16.O-O a5
17.g3 Ba6 18.Bxa6 Rxa6 19.Rab1 Qa8 20.Rb2 a4 21.Rfb1 Nc6 22.Qd3 Rc8 23.Kg2 Kg7
24.Qc3 Na5 25.Nc1 Nc4 26.Rb4 c6 27.Nd2 Ra5 28.Nd3 Nxd2 29.Qxd2 Rb5 30.Ne5 Rxb4
31.Rxb4 Rb8 32.Nxc6 Rxb4 33.Nxb4 Bd8 34.Qd3 Ba5 35.Qb5 Bxb4 36.Qxb4 Qa6 37.Qc3 Qe2
38.c6 Qe4+ 39.Kg1 Qb1+ 40.Kh2 Qb3 41.Qc1 Qf3  1-0

[Event "Krasnodar2"]
[Site "Krasnodar"]
[Date "1998.??.??"]
[Round "5"]
[White "Tregubov, Pavel V"]
[Black "Beshukov, Sergei"]
[Result "1-0"]
[WhiteElo "2560"]
[BlackElo "2405"]

1.d4 Nf6 2.c4 e6 3.Nf3 d5 4.Nc3 Be7 5.Bf4 O-O 6.e3 c5 7.dxc5 Bxc5 8.a3 Nc6
9.b4 Be7 10.cxd5 Nxd5 11.Nxd5 exd5 12.Bd3 a6 13.O-O Bf6 14.Ra2 Be6 15.Rd2 Rc8
16.Bb1 Na7 17.Nd4 Bxd4 18.exd4 Nb5 19.Qh5 g6 20.Qh6 Qd7 21.Re1 Nxa3 22.Bd3 Nc4
23.Rde2 Nd6 24.h4 Rc3 25.Bb1 Ne8 26.h5 Rc6 27.f3 Ng7 28.g4 Bxg4 29.hxg6 hxg6
30.Re7 Qxe7 31.Rxe7 Nf5 32.Bxf5 gxf5 33.Bd6 Rc1+ 34.Qxc1  1-0

[Event "RUS-Cup"]
[Site "Krasnoiarsk"]
[Date "1998.??.??"]
[Round "6"]
[White "Ivanov, Timur"]
[Black "Ariskin, Alexey"]
[Result "1/2-1/2"]
[WhiteElo "2380"]
[BlackElo "2335"]

1.Nf3 d5 2.d4 Nf6 3.c4 e6 4.Nc3 Be7 5.Bf4 O-O 6.e3 c5 7.dxc5 Bxc5 8.Qc2 Nc6
9.a3 Qa5 10.O-O-O Be7 11.Kb1 Bd7 12.cxd5 exd5 13.Ne5 Be6 14.f3 Rac8 15.Qa4 Qxa4
16.Nxa4 Na5 17.g4 Rfd8 18.Be2 Nb3 19.Bg3 d4 20.Bf2 Nd7 21.exd4 Nxe5 22.dxe5 Nd2+
23.Ka1 Bb3 24.Nc3 Bxd1 25.Rxd1 Nb3+ 26.Ka2 Rxd1 27.Bxd1 Nc1+ 28.Kb1 Nd3 29.Bd4 Rd8
30.Bxa7 Nxe5 31.Be2 Bg5 32.Ne4 Bf4 33.h4 Rc8 34.Nc3 Rd8 35.Ne4 Rc8 36.Nc3 Rd8
37.Ne4  1/2-1/2

[Event "Malmo"]
[Site "Malmo"]
[Date "1998.??.??"]
[Round "6"]
[White "Almstrom, Martin"]
[Black "Chojnacki, Krzysztof"]
[Result "0-1"]
[WhiteElo "2195"]
[BlackElo "2140"]

1.Nf3 Nf6 2.c4 e6 3.Nc3 d5 4.d4 Be7 5.Bf4 O-O 6.e3 c5 7.dxc5 Bxc5 8.a3 a5
9.Qc2 dxc4 10.Bxc4 Nc6 11.Rd1 Qe7 12.Ba2 Rd8 13.O-O h6 14.Bb1 Bd6 15.Bxd6 Rxd6
16.e4 e5 17.Nd5 Qf8 18.Qc5 Ne8 19.Qc3 Bg4 20.h3 Bxf3 21.Qxf3 Nf6 22.Qb3 Rb8
23.Nxf6+ Rxf6 24.Rd7 b6 25.Ba2 Rd8 26.Rxd8 Qxd8 27.Qd5 Qd6 28.Rc1 Nd4 29.Rc8+ Kh7
30.f3 Ne2+ 31.Kf2 Nf4 32.Qxd6 Rxd6 33.Rc2 f6 34.Bc4 Rd1 35.Be2 Rb1 36.h4 h5
37.g3 Ne6 38.Ke3 Nd4 39.Rd2 Rg1 40.Kf2 Rh1 41.Bf1 Rh2+ 42.Bg2 g5 43.hxg5 fxg5
44.Rd1 h4 45.Rh1 Rxh1 46.Bxh1 Kg6 47.Bg2 Ne6 48.Bh3 Nc5 49.Bf1 Na4 50.b3 Nc5
51.b4 axb4 52.axb4 Ne6 53.Bh3 Nd4 54.gxh4 gxh4 55.Ke3 Nc2+ 56.Kd3 Nxb4+ 57.Kc4 Nc2
58.Kd5 Kf6 59.Kd6 Nd4 60.Bg4 Ne2 61.Kc6 Nf4 62.Kxb6 h3 63.Bxh3 Nxh3 64.Kc5 Kg5
65.Kc4 Kf4  0-1

[Event "Moscow-ch op"]
[Site "Moscow"]
[Date "1998.??.??"]
[Round "2"]
[White "Najer, Evgeniy"]
[Black "Ganiev, Roman"]
[Result "1-0"]
[WhiteElo "2500"]
[BlackElo "2360"]

1.d4 d5 2.c4 e6 3.Nc3 Nf6 4.Nf3 Be7 5.Bf4 c6 6.e3 O-O 7.Qc2 Nbd7 8.a3 Re8
9.h3 Nf8 10.Bh2 Bd6 11.Bxd6 Qxd6 12.Be2 Ng6 13.Rd1 Qe7 14.O-O dxc4 15.Bxc4 e5
16.Ng5 Nd5 17.h4 Bg4 18.Nxd5 cxd5 19.Bxd5 Bxd1 20.Rxd1 Rf8 21.dxe5 Qxe5 22.Bxf7+ Rxf7
23.Nxf7 Kxf7 24.Qb3+ Kf8 25.Rd5 Qf6 26.h5 Ne5 27.Qxb7 Rd8 28.g3 Rxd5 29.Qxd5 a6
30.Qe4 h6 31.b4 Nd7 32.Kg2 Ne5 33.a4 Nd7 34.b5 axb5 35.axb5 Nb6 36.Qf3 Ke7
37.Qxf6+ Kxf6 38.f4 Ke6 39.Kf3 Kd6 40.Ke4 Nc4 41.g4 Kc5 42.g5 Nd6+ 43.Ke5 Nc4+
44.Kf5 Nxe3+ 45.Kg6 Nd5 46.Kxg7 Nxf4 47.Kxh6  1-0

[Event "Moscow-ch op"]
[Site "Moscow"]
[Date "1998.??.??"]
[Round "2"]
[White "Abashev, Denis"]
[Black "Bogaudinov, Rushan"]
[Result "0-1"]
[WhiteElo "2365"]
[BlackElo "2165"]

1.Nf3 d5 2.d4 Nf6 3.c4 e6 4.Nc3 Be7 5.Bf4 O-O 6.e3 c6 7.Qc2 Nbd7 8.cxd5 exd5
9.Bd3 Re8 10.h3 Nf8 11.g4 Bd6 12.Bxd6 Qxd6 13.O-O-O g6 14.Kb1 Bd7 15.Qb3 a5
16.Ne5 b5 17.f4 a4 18.Qc2 a3 19.b3 Rac8 20.Rhf1 c5 21.Qd2 c4 22.Bc2 b4 23.Ne2 cxb3
24.Bxb3 Bb5 25.Nd3 Ne4 26.Qe1 Nc3+ 27.Nxc3 Rxc3 28.Bc2 Rec8 29.Rf2 Nd7 30.Ne5 Nb6
31.f5 Nc4 32.Nd3 Re8 33.Rf3 Rxc2 34.Kxc2 Ba4+ 35.Kb1 Bxd1 36.Qxd1 Nxe3 37.Qe1 Qe7
38.Ne5 Nc4 39.f6 Qf8 40.Rb3 Qh6 41.Rxb4 Qf4 42.Qc3 Qxf6 43.Nxc4 dxc4 44.Qxc4 Qf2  0-1

[Event "RUS-Cup02"]
[Site "Moscow"]
[Date "1998.??.??"]
[Round "2"]
[White "Gagarin, Vasilij"]
[Black "Burmakin, Vladimir"]
[Result "0-1"]
[WhiteElo "2420"]
[BlackElo "2550"]

1.d4 d5 2.c4 e6 3.Nf3 Nf6 4.Nc3 Be7 5.Bf4 O-O 6.e3 Nbd7 7.Qc2 c5 8.dxc5 Nxc5
9.cxd5 Nxd5 10.Nxd5 exd5 11.Be5 Ne4 12.Bd3 Qa5+ 13.Ke2 Bg4 14.Rhd1 Rac8 15.Qb3 Bh4
16.h3 Bxf3+ 17.gxf3 Nxf2 18.Rg1 g6 19.Bf5 Qa6+ 20.Kd2 Rce8 21.Bd4 Bf6 22.Qc3 Bxd4
23.Qxd4 Qd6 24.Rg2 Re5 25.Bxg6 hxg6 26.Rxf2 Rh5 27.h4 Qg3 28.Ke2 Re8 29.Rd1 Rxh4
30.Qd3 Rh2  0-1

[Event "Moscow-ch op"]
[Site "Moscow"]
[Date "1998.??.??"]
[Round "3"]
[White "Lastin, Alexander"]
[Black "Frog, Ilya"]
[Result "1/2-1/2"]
[WhiteElo "2535"]
[BlackElo "2430"]

1.Nf3 d5 2.d4 Nf6 3.c4 e6 4.Nc3 Be7 5.Bf4 O-O 6.e3 c5 7.dxc5 Bxc5 8.Qc2 Qe7
9.cxd5 Nxd5 10.Nxd5 exd5 11.Bd3 h6 12.O-O Nc6 13.Rac1 Bb6 14.Qb3 Rd8 15.Bb1 d4
16.exd4 Bxd4 17.Rce1 Qf8 18.Bc7 Rd7 19.Nxd4 Rxc7 20.Qd3 g6 21.Qg3 Re7 22.Nxc6 bxc6
23.Qc3 Bd7 24.Rxe7 Qxe7 25.Re1 Qd6 26.Bc2 Re8 27.Rxe8+ Bxe8 28.Qe3 Qb8 29.Bb3 Kg7
30.Qd4+ Kh7 31.h4 h5 32.Qe3 Kg7 33.Qc3+ Kf8 34.Qc5+ Kg7 35.Qe7 a5 36.Qc5 Qc7
37.Qd4+ f6 38.g3  1/2-1/2

[Event "Moscow-ch op"]
[Site "Moscow"]
[Date "1998.??.??"]
[Round "7"]
[White "Lastin, Alexander"]
[Black "Aleferenko, Anton"]
[Result "1-0"]
[WhiteElo "2535"]
[BlackElo "2335"]

1.Nf3 Nf6 2.c4 e6 3.Nc3 d5 4.d4 Be7 5.Bf4 O-O 6.e3 c5 7.dxc5 Qa5 8.Rc1 Bxc5
9.Be2 Nc6 10.O-O dxc4 11.Bxc4 a6 12.a3 Be7 13.Bd3 e5 14.Bg5 Be6 15.Bxf6 Bxf6
16.Ne4 Qd8 17.Nc5 Qe7 18.Be4 Rfc8 19.Ne1 Nd8 20.Ned3 Rc7 21.Qf3 Rac8 22.b4 a5
23.g3 axb4 24.axb4 b6 25.Nxe6 Rxc1 26.Nxc1 Nxe6 27.Qg4 g6 28.Bd5 h5 29.Qd1 Rd8
30.Qb3 Qd7 31.Bg2 Qb5 32.h4 Be7 33.Na2 Qd3 34.Qb2 Qd2 35.Qb1 Rd7 36.Bh3 Qd6
37.Nc3 Qxb4 38.Bxe6 Qxb1 39.Rxb1 fxe6 40.Rxb6 Kf7 41.Ne4 Rd1+ 42.Kg2 Rd7
43.Kf3 Rc7 44.Rb5 Bf6 45.Nc5 Be7 46.Nd3 Bf6 47.Rb4 Rd7 48.Ke4 Rd5 49.Rb7+ Kf8
50.f4 exf4 51.Nxf4 Re5+ 52.Kf3 Rf5 53.e4 Ra5 54.Nxg6+ Kg8 55.Nf4 Ra3+ 56.Kg2 Be5
57.Nxh5 Kf8 58.Rb5 Bc7 59.e5 Kf7 60.Nf4 Ba5 61.Rb7+ Kg8 62.Nxe6 Be1 63.Rg7+ Kh8
64.Rg5 Re3 65.Nf4 Bd2 66.e6 Re1 67.Re5  1-0

[Event "EU-ch U18"]
[Site "Murek"]
[Date "1998.??.??"]
[Round "3"]
[White "Postniy, Evgeny"]
[Black "Doettling, Fabian"]
[Result "1/2-1/2"]
[WhiteElo "2260"]
[BlackElo "2360"]

1.d4 d5 2.c4 e6 3.Nf3 Nf6 4.Nc3 Be7 5.Bf4 O-O 6.e3 c5 7.dxc5 Bxc5 8.Qc2 Nc6
9.a3 Qa5 10.O-O-O Be7 11.h4 a6 12.Ng5 Rd8 13.g4 h6 14.Bg2 dxc4 15.Rxd8+ Qxd8
16.Nxf7 Kxf7 17.Rd1 Qa5 18.g5 Qf5 19.Qxf5 exf5 20.gxf6 Bxf6 21.Bd5+ Be6 22.Bxe6+ Kxe6
23.Rd6+ Kf7 24.Rd7+ Kg6 25.Rxb7 Bxh4 26.Rb6 Rc8 27.Rxa6 Kh5 28.Nb5 Ne7 29.Be5 Bxf2
30.Bxg7 Bxe3+ 31.Kc2 Kg4 32.Re6 Nd5 33.Nc3 Nxc3 34.Kxc3 Bg5 35.Bxh6 Bxh6
36.Rxh6  1/2-1/2

[Event "New York op"]
[Site "New York"]
[Date "1998.??.??"]
[Round "3"]
[White "Shulman, Yuri"]
[Black "Goldin, Alexander"]
[Result "1-0"]
[WhiteElo "2480"]
[BlackElo "2590"]

1.d4 d5 2.c4 e6 3.Nc3 Be7 4.Nf3 Nf6 5.Bf4 O-O 6.e3 c5 7.dxc5 Bxc5 8.Qc2 Nc6
9.a3 Qa5 10.O-O-O Be7 11.h4 Rd8 12.g4 Bd7 13.Kb1 Be8 14.g5 Ne4 15.Nxe4 dxe4
16.Nd2 Qb6 17.Ka1 Na5 18.Be2 Rxd2 19.Rxd2 Nb3+ 20.Ka2 Nxd2 21.Qxd2 a5 22.Be5 Ba4
23.Bd4 Bb3+ 24.Kb1 Bc5 25.Qc3 Bxd4 26.exd4 a4 27.Bd1 Bxd1 28.Rxd1 Rd8 29.Qb4 Qc6
30.h5 Rc8 31.d5 Qd7 32.Rd2 h6 33.gxh6 gxh6 34.Qc3 Kf8 35.Qf6 exd5 36.Qxh6+ Ke8
37.Rxd5 Qc6 38.Qxc6+ Rxc6 39.Re5+ Kf8 40.Rxe4 Rc5 41.Rh4 Rf5 42.f4 Rc5 43.h6 Kg8
44.Rg4+ Kh8 45.Rg7 Rf5 46.Kc2 Rxf4 47.Kc3 Rf2 48.Kb4 Rxb2+ 49.Kxa4 Rf2 50.Kb5 f5
51.Kc5 Rb2 52.Rf7 b6+ 53.Kd4 Rd2+ 54.Kc3 Rf2 55.Rf6 Rf3+ 56.Kd4 Rxa3 57.Rxb6 Ra1
58.Rf6 Rd1+ 59.Ke5 Rc1 60.Rc6 Rf1 61.Rc7 f4 62.c5 f3 63.Kf4 f2 64.Kf3 Rh1
65.Kxf2 Rxh6 66.Ke3 Kg8 67.Kd4 Kf8 68.c6 Ke8 69.Rc8+ Ke7 70.Kc5 Rh1 71.Kb6  1-0

[Event "New York op"]
[Site "New York"]
[Date "1998.??.??"]
[Round "7"]
[White "Epishin, Vladimir"]
[Black "Ziatdinov, Raset"]
[Result "1-0"]
[WhiteElo "2590"]
[BlackElo "2515"]

1.d4 d5 2.c4 e6 3.Nc3 Nf6 4.Nf3 Be7 5.Bf4 O-O 6.e3 c5 7.dxc5 Bxc5 8.a3 Nc6
9.Rc1 d4 10.exd4 Nxd4 11.Be2 Qe7 12.b4 Rd8 13.Bd2 Nxf3+ 14.Bxf3 Bd4 15.O-O e5
16.Qc2 Be6 17.c5 Bg4 18.Bxg4 Nxg4 19.Ne4 h6 20.h3 Nf6 21.Nd6 Qd7 22.Be3 Ne8
23.Nc4 Qc6 24.Rfe1 b6 25.Bxd4 exd4 26.Ne5 Qd5 27.cxb6 d3 28.Qd2 Nd6 29.Nc6 Nc4
30.Ne7+ Kf8 31.Qf4 Qg5 32.Rxc4 d2 33.Rd1 Qxf4 34.Rxf4 Kxe7 35.Re4+ Kf6 36.bxa7 Rxa7
37.Re3 Rc7 38.Kf1 Rc2 39.Ke2 Ra2 40.Rf3+ Kg6 41.Rd3 Re8+ 42.Kf3 Ra8 43.Ke3 Re8+
44.Kd4 Re2 45.Kc4  1-0

[Event "Nova Gorica op"]
[Site "Nova Gorica"]
[Date "1998.??.??"]
[Round "3"]
[White "Scekic, Milos"]
[Black "Sitnik, Igor"]
[Result "1-0"]
[WhiteElo "2430"]
[BlackElo "2255"]

1.d4 d5 2.Nf3 Nf6 3.c4 e6 4.Nc3 Be7 5.Bf4 O-O 6.e3 c5 7.dxc5 Bxc5 8.a3 Nc6
9.Qc2 Qe7 10.b4 Nxb4 11.axb4 Bxb4 12.Nd2 Bd7 13.Na2 Ba5 14.Nc1 Bb4 15.Na2 Ba5
16.Nc3 Bb4 17.Be5 Rfc8 18.Qb3 dxc4 19.Bxc4 b5 20.Be2 a5 21.O-O a4 22.Qb2 a3
23.Qb3 Bxc3 24.Bxc3 Nd5 25.Bd4 b4 26.Bc4 Ba4 27.Qa2 Nc3 28.Bxc3 bxc3 29.Nb1 Bc6
30.Nxc3 Qg5 31.e4 Ra5 32.Bxe6 Rf8 33.Bd5 Bd7 34.Qe2 Qe5 35.Qd2 h5 36.Ra2 h4
37.h3 Ra6 38.Nb1 Qe7 39.Qe3  1-0

[Event "Nova Gorica op"]
[Site "Nova Gorica"]
[Date "1998.??.??"]
[Round "7"]
[White "Scekic, Milos"]
[Black "Nikolic, Stanimir"]
[Result "1-0"]
[WhiteElo "2430"]
[BlackElo "2300"]

1.d4 Nf6 2.c4 e6 3.Nf3 d5 4.Nc3 Be7 5.Bf4 a6 6.e3 O-O 7.Rc1 dxc4 8.Bxc4 b5
9.Bd3 Bb7 10.O-O Nbd7 11.Qe2 c5 12.Rfd1 Qb6 13.Bb1 Rfd8 14.dxc5 Nxc5 15.b4 Rxd1+
16.Nxd1 Na4 17.Bc7 Qa7 18.Be5 Rc8 19.Rxc8+ Bxc8 20.Bxf6 Bxf6 21.Qc2 Bb7 22.Qxh7+ Kf8
23.Qd3 Qa8 24.e4 Be7 25.a3 Qc8 26.Bc2 Nb6 27.Ne3 Qc7 28.h4 Bf6 29.e5 Bd8
30.Ng5 g6 31.Ng4 Bxg5 32.hxg5 Ke7 33.Kh2 Nc4 34.Qc3 Qc6 35.f3 Qb6 36.Bd3 Bd5
37.Bxc4 bxc4 38.Ne3 Qb5 39.Qd4 Qc6 40.Qc3 Qa4 41.Kg3 Qb3 42.Qxb3 cxb3 43.Nd1 Kd7
44.Kf2 Kc6 45.Nb2 Kb5 46.Ke3 a5 47.bxa5 Kxa5 48.Kd4 Kb5 49.Kc3 Ka5 50.a4 Kb6
51.Kb4 Kc6 52.Nd1 Kb6 53.Nc3 b2 54.Ka3 Bc4 55.Kxb2 Bf1 56.g3 Bg2 57.f4 Kc5
58.Kc2 Kd4 59.Kd2 Bc6 60.a5 Kc5  1-0

[Event "NOR-ch"]
[Site "Oslo"]
[Date "1998.??.??"]
[Round "6"]
[White "Gausel, Einar"]
[Black "Ostenstad, Berge"]
[Result "0-1"]
[WhiteElo "2555"]
[BlackElo "2460"]

1.Nf3 Nf6 2.c4 e6 3.Nc3 d5 4.d4 Be7 5.Bf4 O-O 6.e3 c5 7.dxc5 Bxc5 8.a3 Nc6
9.Rc1 d4 10.exd4 Nxd4 11.b4 Nxf3+ 12.Qxf3 e5 13.Bg5 Be7 14.Rd1 Qe8 15.Bxf6 Bxf6
16.Bd3 Bd8 17.Be4 Rb8 18.Qe3 b6 19.Qd3 Bg4 20.f3 Be6 21.Bxh7+ Kh8 22.Be4 f5
23.Bd5 e4 24.fxe4 fxe4 25.Qe3 Bh4+ 26.g3 Rf3 27.Qe2 Bg5 28.Bxe6 Qxe6 29.Nd5 Rbf8
30.Nf4 R8xf4 31.gxf4 Bh4+  0-1

[Event "Ostrava IM"]
[Site "Ostrava"]
[Date "1998.??.??"]
[Round "?"]
[White "Kolesar, Milan"]
[Black "Kotan, Ladislav"]
[Result "0-1"]
[WhiteElo "2225"]
[BlackElo "2280"]

1.c4 e6 2.Nf3 d5 3.d4 Nf6 4.Nc3 Be7 5.Bf4 O-O 6.e3 dxc4 7.Bxc4 a6 8.Ne5 b5
9.Qf3 Ra7 10.Bd3 Bb7 11.Qh3 Nbd7 12.Rd1 g6 13.O-O Qc8 14.Bg5 Re8 15.Qh4 Qd8
16.f3 c5 17.Qf4 cxd4 18.exd4 Nxe5 19.dxe5 Nd5 20.Nxd5 Bxd5 21.Bxe7 Qxe7 22.a3 Rd8
23.Rc1 Rad7 24.Rc3 Kg7 25.h3 Bb7 26.Qe3 b4 27.axb4 Qxb4 28.Rf2 Rd4 29.Rfc2 R8d7
30.Kh2 Qe7 31.Be2 Qh4 32.Rc7 Qd8 33.Rxd7 Rxd7 34.Kg3 h6 35.Kh2 Qa5 36.Rc5 Qb4
37.Rc2 Rd5 38.f4 Rd4 39.Kg3 Re4 40.Qf2 h5 41.Bd3 Rd4 42.Qe3 a5 43.Rc7 h4+
44.Kh2 Be4 45.f5 exf5 46.Qg5 Qb6 47.Qe7 Rxd3 48.Qxf7+ Kh6 49.Qf8+ Kg5 50.Qe7+ Kf4
51.Qxh4+ Kxe5 52.Qh8+ Kd5 53.Qg8+ Kd4 54.Qg7+ Ke3 55.Qh6+ f4 56.Rf7 Qd6  0-1

[Event "Ostrava IM"]
[Site "Ostrava"]
[Date "1998.??.??"]
[Round "?"]
[White "Korneevets, Alexander"]
[Black "Michenka, Jozef"]
[Result "1/2-1/2"]
[WhiteElo "2410"]
[BlackElo "2330"]

1.d4 Nf6 2.Nf3 d5 3.c4 e6 4.Nc3 Be7 5.Bf4 O-O 6.e3 c5 7.dxc5 Bxc5 8.Qc2 Qa5
9.a3 Nc6 10.Rd1 Rd8 11.Ne5 Nxe5 12.Bxe5 Be7 13.Qa4 Qxa4 14.Nxa4 Bd7 15.Nc3 Bc6
16.f3 Rac8 17.Rg1 Bc5 18.Kf2 Nd7 19.Bd4 Bxd4 20.Rxd4 e5 21.Rd2 Nf6 22.cxd5 Nxd5
23.Nxd5 Rxd5 24.Rxd5 Bxd5 25.Bd3 Bb3 26.Ke2 Kf8 27.Kd2 Ke7 28.Rc1 Rxc1 29.Kxc1 h6
30.Kd2 Kd6 31.Kc3 Bd5 32.Be2 Kc5 33.g3 a5 34.b4+ axb4+ 35.axb4+ Kd6 36.f4 f6
37.Bd3 b6  1/2-1/2

[Event "Pardubice Czech op"]
[Site "Pardubice"]
[Date "1998.??.??"]
[Round "5"]
[White "Ftacnik, Lubomir"]
[Black "Konopka, Michal"]
[Result "1-0"]
[WhiteElo "2580"]
[BlackElo "2445"]

1.d4 d5 2.c4 e6 3.Nf3 Nf6 4.Nc3 Be7 5.Bf4 O-O 6.e3 c6 7.Bd3 Nbd7 8.O-O dxc4
9.Bxc4 b5 10.Bd3 Bb7 11.Rc1 Rc8 12.Nd2 Qb6 13.Qe2 a6 14.a4 Rfd8 15.Rfd1 Qa7
16.Nce4 bxa4 17.Bd6 Bxd6 18.Nxd6 Rc7 19.e4 Ne8 20.Nxb7 Qxb7 21.Nc4 Qb4 22.e5 Nf8
23.Qc2 Rcd7 24.Qc3 c5 25.Qxb4 cxb4 26.Na5 Rc7 27.Nc6 Rdd7 28.Be4 f5 29.Bf3 Ng6
30.Rc4 Nh4 31.Be2 a3 32.bxa3 bxa3 33.Ra1 Rb7 34.g3 Rb2 35.gxh4 Rxe2 36.Rxa3 Nc7
37.Nd8 Rf7 38.Nxe6 Nd5 39.Nc5 Nf4 40.h3 Re1+ 41.Kh2 Re2 42.Kg3 Nh5+ 43.Kf3  1-0

[Event "Mitropa Cup"]
[Site "Portoroz"]
[Date "1998.??.??"]
[Round "7"]
[White "Lalic, Bogdan"]
[Black "Polak, Tomas"]
[Result "1/2-1/2"]
[WhiteElo "2560"]
[BlackElo "2525"]

1.Nf3 Nf6 2.c4 e6 3.Nc3 d5 4.d4 Be7 5.Bf4 O-O 6.e3 a6 7.Qc2 Nbd7 8.cxd5 exd5
9.Bd3 Re8 10.h3 Nf8 11.O-O-O Be6 12.Kb1 Rc8 13.g4 N6d7 14.Rhg1  1/2-1/2

[Event "CRO-chT2"]
[Site "Pula"]
[Date "1998.??.??"]
[Round "6"]
[White "Suskovic, Matija"]
[Black "Keglevic, Pavao"]
[Result "1/2-1/2"]
[WhiteElo "2130"]
[BlackElo "2260"]

1.d4 Nf6 2.Nf3 e6 3.c4 d5 4.Nc3 Be7 5.Bf4 O-O 6.e3 Nh5 7.Bg3 c6 8.Qc2 Nd7
9.O-O-O f5 10.Nd2 Ndf6 11.Bh4 Ne4 12.Bxe7 Qxe7 13.Nf3 Nhf6 14.h3 Bd7 15.Ne5 Be8
16.Bd3 Nd7 17.Nxd7 Qxd7 18.g4 Bg6 19.f3 Nxc3 20.Qxc3 fxg4 21.Bxg6 hxg6 22.f4 gxh3
23.Rdg1 e5 24.dxe5 d4 25.Qd3 Rad8 26.Rxg6 Qf5 27.Qxf5 Rxf5 28.Kd2 dxe3+ 29.Kxe3 Rdf8
30.Rg4 Rh5 31.Rg3 h2 32.Rf3 g5 33.fxg5 Rxg5 34.Rxf8+ Kxf8 35.Rxh2 Rxe5+ 36.Kd4 Re7
37.Rh8+ Kf7 38.Rh7+ Ke6 39.Rxe7+ Kxe7 40.Ke5 Kd7 41.b4 Ke7 42.a3 Kd7 43.a4 Ke7
44.c5 a6 45.Kf5 Kf7  1/2-1/2

[Event "SWE-ch"]
[Site "Ronneby"]
[Date "1998.??.??"]
[Round "6"]
[White "Astrom, Robert"]
[Black "Akesson, Ralf"]
[Result "1/2-1/2"]
[WhiteElo "2460"]
[BlackElo "2505"]

1.d4 Nf6 2.c4 e6 3.Nf3 Be7 4.Nc3 d5 5.Bf4 O-O 6.e3 c5 7.dxc5 Bxc5 8.a3 Nc6
9.Be2 dxc4 10.Bxc4 Qxd1+ 11.Rxd1 a6 12.O-O b5 13.Bd3 Be7 14.Bb1 Bb7 15.Bd6 Bxd6
16.Rxd6 Rfd8 17.Rxd8+ Rxd8 18.Rd1 Rxd1+ 19.Nxd1 Kf8  1/2-1/2

[Event "Samobor"]
[Site "Samobor"]
[Date "1998.??.??"]
[Round "2"]
[White "Takac, Zvonko"]
[Black "Medic, Miljenko"]
[Result "1/2-1/2"]
[WhiteElo "2190"]
[BlackElo "2285"]

1.d4 Nf6 2.c4 e6 3.Nc3 d5 4.Nf3 Be7 5.Bf4 a6 6.e3 O-O 7.Rc1 Nbd7 8.h3 h6
9.Qc2 c5 10.dxc5 Nxc5 11.cxd5 exd5 12.Be2 Be6 13.Nd4 Qd7 14.O-O Rac8 15.Bf3  1/2-1/2

[Event "Samobor"]
[Site "Samobor"]
[Date "1998.??.??"]
[Round "4"]
[White "Takac, Zvonko"]
[Black "Kober, Mladen"]
[Result "1/2-1/2"]
[WhiteElo "2190"]
[BlackElo "2315"]

1.d4 Nf6 2.c4 e6 3.Nc3 d5 4.Nf3 Be7 5.Bf4 c6 6.e3 Nbd7 7.Bd3 Nh5 8.Bg3 Nxg3
9.hxg3 f5 10.cxd5 cxd5 11.Rc1 a6 12.Nh4 Nf6 13.Ng6 Rg8 14.Nxe7 Kxe7 15.O-O Re8
16.Qb3 Kf8 17.Be2 Ne4 18.Rc2 Nxc3 19.Rxc3  1/2-1/2

[Event "San Marino op"]
[Site "San Marino"]
[Date "1998.??.??"]
[Round "7"]
[White "Gabriel, Christian"]
[Black "Arlandi, Ennio"]
[Result "1/2-1/2"]
[WhiteElo "2555"]
[BlackElo "2425"]

1.Nf3 Nf6 2.c4 e6 3.Nc3 d5 4.d4 Be7 5.Bf4 O-O 6.e3 c5 7.dxc5 Bxc5 8.a3 Nc6
9.Qc2 Qa5 10.O-O-O Be7 11.Kb1 a6 12.Nd2 b5 13.cxd5 exd5 14.Nb3 Qb6 15.Bg5 Be6
16.Bxf6 Bxf6 17.Nxd5 Bxd5 18.Rxd5 Rac8 19.Qd2 Ne5 20.Qd4 Qb8 21.Qf4 Rfd8
22.Rxd8+ Rxd8 23.Be2 Qb7 24.Bf3 Qb6 25.Rd1 Nd3 26.Qe4 Nxb2 27.Rxd8+ Qxd8
28.Qa8 Nc4  1/2-1/2